000 00828cam a2200217 4500
008 000000n1999 000 0 eng u
020 _a0851424031
035 _a(Sirsi) u100131
041 _aeng
100 _aLowe, Michael
245 _aBusiness information at work
260 _aLondon
_bAslib
_c1999
300 _axix, 327p. ; 23cm.
350 _a36.00
520 _aRelates organisations' real information needs to specific types and named examples of information sources and services. The final chapter shows how to exploit the vast array of available information systematically, looking, for example, at the role of the information intermediary, the internet and onlien hosts.
650 _aBUSINESS INFORMATION
650 _aLIBRARIES
690 _aECONOMIC AND SOCIAL
710 _aAslib
_9760
942 _n0
999 _c99613
_d99613